| 000 | 00517nam a22001577a 4500 | ||
|---|---|---|---|
| 003 | NUST | ||
| 082 | _a200 | ||
| 100 |
_aIqbal, Tehniat _9123019 |
||
| 245 |
_aGOLD of Chiniot: The Art of Chiniot Furniture Through Lens (A Documentary) / _cTehniat Iqbal |
||
| 264 |
_aIslamabad, _bS3H NUST, _c2024. |
||
| 300 |
_a35,p; _bill; _c30,cm. |
||
| 650 |
_aMS-Mass Communication _9114380 |
||
| 700 |
_aSupervisor:Dr. Mumhammad Arif _9123055 |
||
| 856 | _uhttp://10.250.8.41:8080/xmlui/handle/123456789/43466 | ||
| 942 |
_2ddc _cTHE |
||
| 999 |
_c609356 _d609356 |
||